000
00312nam a22001337a 4500
008
170609b xxu||||| |||| 00| 0 eng d
020
_a
0275646904
041
_a
eng
080
_a
327
100
_a
19
101
_a
shp
245
_a
SOVIET CHINESE INFLUENCE THIRD WORLD
_c
RUBINSTEIN.A.Z
942
_2
udc
_c
BK
999
_c
16641
_d
16641